Skład Manchesteru City w Premier League 2024/25 - Statystyki

Ogólne statystyki
  • Ten quiz został rozwiązany 47 razy
  • Średni wynik to 15 z 25
Statystyki odpowiedzi
Numer Zawodnik % Poprawnych
9 Erling Haaland
88%
47 Phil Foden
85%
17 Kevin de Bruyne
83%
2 Kyle Walker
80%
11 Jérémy Doku
78%
5 John Stones
78%
16 Rodri
78%
20 Bernardo Silva
76%
3 Rúben Dias
76%
8 Mateo Kovačić
73%
18 Stefan Ortega
73%
6 Nathan Aké
71%
24 Joško Gvardiol
66%
10 Jack Grealish
63%
25 Manuel Akanji
63%
82 Rico Lewis
59%
26 Sávio
49%
27 Matheus Nunes
46%
52 Oscar Bobb
46%
4 Kalvin Phillips
32%
7 João Cancelo
29%
87 James McAtee
24%
32 Maximo Perrone
15%
97 Josh Wilson-Esbrand
12%
- Issa Kaboré
10%
Nie znaleziono quizów pasujących do podanych kryteriów
Rozkład punktacji
Procent ludzi z każdym wynikiem
Percentyl według liczby udzielonych odpowiedzi
Twoja historia wyników
Nie rozwiązałeś tego quizu